00807nam a22002417a 4500003000500000005001700005008004100022010001100063011001100074020001800085035001100103040000900114082002100123245011300144260003900257300001800296490006800314650002600382650002700408700003100435700003100466830006800497CHAP20220329143754.0110803s2008 enka r 00010 eng d a101708 a102680 a9780754627142 a113369 cCHAP04a333.7015118bR3200aRevealed preference approaches to environmental valuationc/editado por Joseph Herriges y Catherine L. Kling aAldershot, Eng. :bAshgate,cc2008 a2 v. :bilus. 4aThe International library of environmental economics and policy14aEconomía ambiental.14aModelos matemáticos.1 aHerriges, Joseph A.e, ed.1 aKling, Catherine L.e, ed. 4aThe International library of environmental economics and policy